000 00779nam a22002417a 4500
003 CHAP
005 20220329135502.0
008 971013s r 00010 d
010 _a37377
011 _a38349
035 _a42469
040 _cCHAP
090 _aR-2219
100 0 0 _aMeyer, Hans Arthur.
_975288
245 _aEstudio sobre la constitución normal y el crecimiento de los bosques vírgenes de la serrania del estado de Puebla
500 _aSobretiro de: Boletín del Departamento Forestal y de Caza y Pesca No. 6, 1937
590 _aBATCH-UPD
_b10
_c20130110
_lUCH01
_h1728
590 _aCONVERSION
_b10
_c20130109
_lUCH01
_h1321
650 1 4 _aBosques
_xPuebla.
_914372
901 _aBK
942 _cREIMP
949 _aR-2219
_bBC
_cR
_d-97816
_eTS1
_i42469
_mD.
_si
999 _c37377
_d37377